Emirats des Emirats Arabes Unis - Carte Quiz - Statistiques

Statistiques générales
  • Ce quiz a été pris 144 fois
  • Le résultat moyen est 3 sur 7
Réponses sur la Carte
Les réponses sont colorées sur une échelle allant du rouge au vert en fonction du pourcentage des utilisateurs qui les ont devinées à leur premier essai. Vous pouvez retrouver ces pourcentages ci-dessous.
 
Statistiques - réponses
Emirat % Correct
Dubai
100%
Abu Dhabi
82%
Sharjah
46%
Ajman
35%
Fujairah
28%
Ras al-Khaimah
25%
Umm al-Quwain
11%
Aucun quiz correspondant
Distribution des résultats
% des personnes avec chaque résultat
Percentile par nombre de réponses
Votre historique - résultats
Vous n’avez pas pris ce quiz